El imperio otomano: 1300-1650

Sábháilte in:
Sonraí bibleagrafaíochta
Príomhchruthaitheoir: Imber, Colin (Údar)
Formáid: LEABHAR
Teanga:Spáinnis
Foilsithe / Cruthaithe: Barcelona B 2004
Eagrán:1a. ed
Sraith:Biografía - Historia
Ábhair:
Clibeanna: Cuir clib leis
Níl clibeanna ann, Bí ar an gcéad duine le clib a chur leis an taifead seo!

MARC

LEADER 00000nam a2200000 a 4500
001 UCK4375
003 CL-VaPUC
008 050603e20040000SP |||||||||||||||||spa|d
020 |a 846661883X 
082 0 4 |a 956.015  |b IMB  |2 21 
100 0 |a Imber, Colin  |e author  |9 492866 
245 1 3 |a El imperio otomano: 1300-1650 
250 |a 1a. ed 
300 |a 412 p 
942 |c BK 
945 |d 20050603 00:00:00  |a cmena 
260 |a Barcelona  |b B  |c 2004 
650 7 |a HISTORIA DE TURQUIA  |2 CL-VaPUC  |9 440763 
650 7 |a IMPERIO OTOMANO  |2 CL-VaPUC  |9 440764 
650 0 |a Imperialismo  |9 258264 
650 0 |a Guerra civil  |9 320243 
651 7 |a TURQUIA  |2 CL-VaPUC  |9 343267 
583 |a last modification  |c 20050603 00:00:00  |k Rodrigo Vera 
490 0 |a Biografía - Historia 
999 |c 313253  |d 313251 
952 |0 0  |1 0  |4 0  |6 956_015000000000000_IMB_2004  |7 0  |8 A  |9 384481  |a BIBHIS  |b BIBHIS  |d 2019-11-22  |i 413303K  |o 956.015 IMB 2004  |p 413303K  |r 2025-01-20  |w 2019-11-22  |y BK  |k HIS